书目信息 |
| 题名: |
当代环境管理体系建构
|
|
| 作者: | 王家德 , 陈建孟 编著 | |
| 分册: | ||
| 出版信息: | 北京 中国环境科学出版社 2005.8 |
|
| 页数: | 208页 | |
| 开本: | 23cm | |
| 丛书名: | 研究生系列教材 | |
| 单 册: | ||
| 中图分类: | X32-43 | |
| 科图分类: | ||
| 主题词: | 环境管理--huan jing guan li--研究--教材 | |
| 电子资源: | ||
| ISBN: | 7-80209-005-9 | |
| 000 | 01098cam2 2200301 450 | |
| 001 | 012006030663 | |
| 005 | 20060329101010.1 | |
| 010 | @a7-80209-005-9@dCNY25.00 | |
| 100 | @a20050716d2005 emky0chiy0121 ea | |
| 101 | 0 | @achi |
| 102 | @aCN@b110000 | |
| 105 | @ay z 000yy | |
| 200 | 1 | @a当代环境管理体系建构@Adang dai huan jing guan li ti xi jian gou@f王家德,陈建孟编著 |
| 210 | @a北京@c中国环境科学出版社@d2005.8 | |
| 215 | @a208页@d23cm | |
| 225 | 2 | @a研究生系列教材@Ayan jiu sheng xi lie jiao cai |
| 306 | @a由浙江工业大学专著与研究生教材出版基金资助出版 | |
| 320 | @a有书目(第202-208页) | |
| 330 | @a本书以环境论理学为理论指导,从生态学、经济学、伦理学、可持续发展以及法律、管理等方面建构了环境管理体系。 | |
| 461 | 0 | @12001 @a研究生系列教材 |
| 510 | 1 | @aConstruction of modern environmental management system@zeng |
| 606 | 0 | @a环境管理@Ahuan jing guan li@x研究@j教材 |
| 690 | @aX32-43@v4 | |
| 701 | 0 | @a王家德@Awang jia de@4编著 |
| 701 | 0 | @a陈建孟@Achen jian meng@4编著 |
| 801 | 0 | @aCN@bSRXX@c20051015 |
| 801 | 2 | @aCN@bSRXX@c20060329 |
| 905 | @a10447@dX32-43@eW220 | |
| 当代环境管理体系建构/王家德,陈建孟编著.-北京:中国环境科学出版社,2005.8 |
| 208页;23cm.-(研究生系列教材) |
| ISBN 7-80209-005-9:CNY25.00 |
| 本书以环境论理学为理论指导,从生态学、经济学、伦理学、可持续发展以及法律、管理等方面建构了环境管理体系。 |
| ● |
| 相关链接 |
|
|
|
正题名:当代环境管理体系建构
索取号:X32-43/W220
 
预约/预借
| 序号 | 登录号 | 条形码 | 馆藏地/架位号 | 状态 | 备注 |
| 1 | 549475 | 205494758 | 自科库501/501自科库 65排7列1层/ [索取号:X32-43/W220] | 在馆 | |
| 2 | 549476 | 205494767 | 自科库501/501自科库 65排7列1层/ [索取号:X32-43/W220] | 在馆 | |
| 3 | 549477 | 205494776 | 期刊室512/501自科库 65排7列3层/ [索取号:X32-43/W220] | 在馆 |